Горе от ума (Запись № 5250098)

Подробности
000 -МАРКЕР
контрольное поле 01732nam0a22003371 4500
001 - ИДЕНТИФИКАТОР ЗАПИСИ
контрольное поле rc\2643483
005 - ИДЕНТИФИКАТОР ВЕРСИИ
контрольное поле 20220609164655.0
035 ## - ДРУГИЕ СИСТЕМНЫЕ НОМЕРА
Идентификатор записи (NLR Aleph) 006951303
100 ## - ДАННЫЕ ОБЩЕЙ ОБРАБОТКИ
Данные общей обработки 20110607d1928 |||y0rusy50 ca
101 0# - ЯЗЫК РЕСУРСА
Язык текста, звукозаписи и т.д. русский
102 ## - СТРАНА ПУБЛИКАЦИИ ИЛИ ПРОИЗВОДСТВА
Страна публикации Российская Федерация
105 ## - ПОЛЕ КОДИРОВАННЫХ ДАННЫХ: ТЕКСТОВЫЕ МАТЕРИАЛЫ, МОНОГРАФИЧЕСКИЕ
Кодированные данные о монографическом текстовом документе c z |||||
200 1# - ЗАГЛАВИЕ И СВЕДЕНИЯ ОБ ОТВЕТСТВЕННОСТИ
Основное заглавие Горе от ума
Первые сведения об ответственности А.С. Грибоедов
Последующие сведения об ответственности Редакция, введение и комментарии Н.К. Пиксанова
205 ## - СВЕДЕНИЯ ОБ ИЗДАНИИ
Сведения об издании 2-е изд.
210 ## - ПУБЛИКАЦИЯ, РАСПРОСТРАНЕНИЕ И ДР.
Место издания, распространения и т.д. Москва
-- Ленинград
Имя издателя, распространителя и т. д. Госуд. изд-во
Дата издания, распространения и т.д. 1928
Место изготовления Москва
Имя изготовителя тип. "Красный пролетарий"
215 ## - ФИЗИЧЕСКАЯ ХАРАКТЕРИСТИКА
Специфическое обозначение материала и объем 196 с., [1] вкл. л. портр.
Другие сведения о физической характеристике портр.
Размеры 21×14 см
225 1# - СЕРИЯ
Основное заглавие серии Русские и мировые классики
Сведения об ответственности Под общ. ред. А.В. Луначарского и Н.К. Пиксанова
300 ## - ОБЩИЕ ПРИМЕЧАНИЯ
Текст примечания "Театральная справка" (на 3 страницах)
320 ## - ПРИМЕЧАНИЯ О НАЛИЧИИ В ДОКУМЕНТЕ БИБЛИОГРАФИИ / УКАЗАТЕЛЯ
Текст примечания Бибилиография: "Книжная справка" (на 2 страницах)
464 #0 - АНАЛИТИЧЕСКИЙ УРОВЕНЬ
Встроенное поле 2001#$aГрибоедов и "Горе от ума"
-- 700#1$aПиксанов$bН. К.$gНиколай Кирьякович$f1878-1969$3RU\NLR\AUTH\7797093$4070
700 #1 - ИМЯ ЛИЦА - ПЕРВИЧНАЯ ОТВЕТСТВЕННОСТЬ
Начальный элемент ввода Грибоедов
Часть имени, кроме начального элемента ввода А. С.
Даты 1795-1829
Расширение инициалов личного имени Александр Сергеевич
Идентификатор авторитетной/нормативной записи RU\NLR\AUTH\773285
702 #1 - ИМЯ ЛИЦА - ВТОРИЧНАЯ ОТВЕТСТВЕННОСТЬ
Начальный элемент ввода Пиксанов
Часть имени, кроме начального элемента ввода Н. К.
Даты 1878-1969
Расширение инициалов личного имени Николай Кирьякович
Идентификатор авторитетной/нормативной записи RU\NLR\AUTH\7797093
Код отношения Редактор
702 #1 - ИМЯ ЛИЦА - ВТОРИЧНАЯ ОТВЕТСТВЕННОСТЬ
Начальный элемент ввода Луначарский
Часть имени, кроме начального элемента ввода А. В.
Даты 1875-1933
Расширение инициалов личного имени Анатолий Васильевич
Идентификатор авторитетной/нормативной записи RU\NLR\AUTH\7717504
Код отношения Редактор
801 #0 - ИСТОЧНИК ЗАПИСИ
Страна Российская Федерация
Организация NLR
Правила каталогизации psbo
801 #1 - ИСТОЧНИК ЗАПИСИ
Страна Российская Федерация
Организация ELAR
Источник данных rusmarc
852 ## - МЕСТОНАХОЖДЕНИЕ И ШИФР ХРАНЕНИЯ
Идентификатор организации NLR
Шифр хранения (Call Number) 57/395
852 ## - МЕСТОНАХОЖДЕНИЕ И ШИФР ХРАНЕНИЯ
Идентификатор организации NLR
Шифр хранения (Call Number) КрII/4849
942 ## - ДОПОЛНИТЕЛЬНЫЕ ЭЛЕМЕНТЫ ЗАПИСИ (АБИС)
Тип экземпляра АБИС Книга
980 ## - КОЛЛЕКЦИЯ
Название коллекции Национальная библиография
Экземпляры
Тип экземпляра Дата поступления Библиотека постоянного хранения Библиотека текущего хранения Место хранения Шифр хранения Штрих-код Статус экземпляра
Книга 26.10.2013 РНБ (Московский) РНБ (Московский) Фонд литературы на языках стран Азии и Африки КрII/4849 6951303-20  
Книга 26.10.2013 РНБ (Садовая) РНБ (Садовая) Русский книжный фонд -Главное здание, Ленинский читальный зал 57/395 6951303-10